| 000 | 004140000a22001690004500 | ||
|---|---|---|---|
| 003 | MACL | ||
| 005 | 20151230115159.0 | ||
| 008 | 151230b xxu||||| |||| 00| 0 eng d | ||
| 040 |
_aMACL _cMACL |
||
| 041 | _aEnglish | ||
| 082 | _a304/HUX | ||
| 100 |
_aHuxley, Aldous _924607 |
||
| 245 | _aScience, Liberty and Peace | ||
| 260 |
_bChatto & Windus _c1950 |
||
| 650 |
_aSociology _924609 |
||
| 942 |
_cBK _k304/HUX _2ddc |
||
| 999 |
_c38712 _d38712 |
||